[Event "Blitz 2018"]
[Site "Saint-Petersburg"]
[Date "2018.12.29"]
[Round "5"]
[Board "37"]
[White "Drygalov Sergey (RUS)"]
[Black "Bindrich Falko (GER)"]
[Result "1/2-1/2"]
[LiveChessVersion "1.4.8"]
[BlackElo "2639"]
[WhiteElo "2428"]

1. d4 {[%clk 0:03:02]} d5 {[%clk 0:03:03]} 2. Nf3 {[%clk 0:03:03]} Nf6
{[%clk 0:03:04]} 3. c4 {[%clk 0:03:04]} e6 {[%clk 0:03:05]} 4. Nc3
{[%clk 0:03:05]} c5 {[%clk 0:03:07]} 5. cxd5 {[%clk 0:03:02]} Nxd5
{[%clk 0:03:08]} 6. e3 {[%clk 0:03:03]} cxd4 {[%clk 0:03:08]} 7. exd4
{[%clk 0:03:04]} Nxc3 {[%clk 0:03:09]} 8. bxc3 {[%clk 0:03:05]} Qc7
{[%clk 0:03:11]} 9. Bd2 {[%clk 0:02:54]} Nd7 {[%clk 0:03:11]} 10. Bd3
{[%clk 0:02:48]} b6 {[%clk 0:03:12]} 11. O-O {[%clk 0:02:40]} Bb7
{[%clk 0:03:14]} 12. c4 {[%clk 0:02:35]} Bd6 {[%clk 0:03:12]} 13. d5
{[%clk 0:02:07]} Nc5 {[%clk 0:03:13]} 14. Bc2 {[%clk 0:02:08]} O-O-O
{[%clk 0:03:12]} 15. h3 {[%clk 0:01:45]} exd5 {[%clk 0:03:10]} 16. cxd5
{[%clk 0:01:45]} Bxd5 {[%clk 0:03:10]} 17. a4 {[%clk 0:01:39]} Bxf3
{[%clk 0:02:23]} 18. Qxf3 {[%clk 0:01:23]} Bh2+ {[%clk 0:02:23]} 19. Kh1
{[%clk 0:01:24]} Rxd2 {[%clk 0:02:24]} 20. Qa8+ {[%clk 0:01:19]} Qb8
{[%clk 0:02:25]} 21. Qc6+ {[%clk 0:01:20]} Bc7 {[%clk 0:02:14]} 22. Bf5+
{[%clk 0:01:10]} Kd8 {[%clk 0:02:12]} 23. Rad1 {[%clk 0:00:43]} Rd6
{[%clk 0:02:08]} 24. Rfe1 {[%clk 0:00:30]} Ne6 {[%clk 0:01:07]} 25. Rxd6+
{[%clk 0:00:12]} Bxd6 {[%clk 0:01:08]} 26. Bxe6 {[%clk 0:00:14]} fxe6
{[%clk 0:00:46]} 27. Rxe6 {[%clk 0:00:15]} Be7 {[%clk 0:00:46]} 28. Re1
{[%clk 0:00:08]} Bd6 {[%clk 0:00:30]} 29. Re6 {[%clk 0:00:10]} Be7
{[%clk 0:00:16]} 30. Re1 {[%clk 0:00:10]} Bd6 {[%clk 0:00:17]} 31. Re6
{[%clk 0:00:08]} Be7 {[%clk 0:00:18]} 32. Re3 {[%clk 0:00:06]} Bd6
{[%clk 0:00:18]} 33. Rd3 {[%clk 0:00:05]} Ke7 {[%clk 0:00:15]} 34. Re3+
{[%clk 0:00:06]} Kd8 {[%clk 0:00:12]} 35. Re6 {[%clk 0:00:06]} Be7
{[%clk 0:00:11]} 36. Re3 {[%clk 0:00:07]} Bd6 {[%clk 0:00:13]} 1/2-1/2

[Event "Blitz 2018"]
[Site "Saint-Petersburg"]
[Date "2018.12.29"]
[Round "5"]
[Board "38"]
[White "Gutenev Alexander (RUS)"]
[Black "Paravyan David (RUS)"]
[Result "0-1"]
[LiveChessVersion "1.4.8"]
[BlackElo "2629"]
[WhiteElo "2419"]

1. e4 {[%clk 0:03:03]} e5 {[%clk 0:03:04]} 2. Nf3 {[%clk 0:03:04]} Nc6
{[%clk 0:03:05]} 3. Bb5 {[%clk 0:03:05]} g6 {[%clk 0:03:06]} 4. d4
{[%clk 0:03:03]} exd4 {[%clk 0:03:07]} 5. Bg5 {[%clk 0:03:03]} Be7
{[%clk 0:03:09]} 6. Bxe7 {[%clk 0:03:03]} Qxe7 {[%clk 0:03:09]} 7. Bxc6
{[%clk 0:03:04]} dxc6 {[%clk 0:03:10]} 8. Qxd4 {[%clk 0:03:04]} Nf6
{[%clk 0:03:12]} 9. Nc3 {[%clk 0:03:05]} Bg4 {[%clk 0:03:10]} 10. Nd2
{[%clk 0:03:04]} c5 {[%clk 0:03:10]} 11. Qe3 {[%clk 0:03:05]} O-O-O
{[%clk 0:03:10]} 12. f3 {[%clk 0:03:04]} Be6 {[%clk 0:03:11]} 13. O-O-O
{[%clk 0:03:03]} Rhe8 {[%clk 0:03:03]} 14. Rhe1 {[%clk 0:03:03]} b6
{[%clk 0:03:03]} 15. Qg5 {[%clk 0:02:34]} Nd5 {[%clk 0:02:19]} 16. Qxe7
{[%clk 0:02:09]} Nxe7 {[%clk 0:02:19]} 17. Nf1 {[%clk 0:02:07]} Nc6
{[%clk 0:02:19]} 18. Ne3 {[%clk 0:01:48]} Nd4 {[%clk 0:02:07]} 19. Ned5
{[%clk 0:01:45]} f5 {[%clk 0:01:57]} 20. Nf4 {[%clk 0:01:31]} Bd7
{[%clk 0:01:39]} 21. h4 {[%clk 0:00:58]} a5 {[%clk 0:00:51]} 22. b3
{[%clk 0:00:47]} fxe4 {[%clk 0:00:44]} 23. Nxe4 {[%clk 0:00:34]} a4
{[%clk 0:00:45]} 24. Kb2 {[%clk 0:00:22]} a3+ {[%clk 0:00:46]} 25. Kc1
{[%clk 0:00:18]} Bf5 {[%clk 0:00:47]} 26. c3 {[%clk 0:00:16]} Nb5
{[%clk 0:00:47]} 27. Rxd8+ {[%clk 0:00:15]} Rxd8 {[%clk 0:00:47]} 28. Kc2
{[%clk 0:00:11]} Nd6 {[%clk 0:00:37]} 29. Nd3 {[%clk 0:00:12]} c4
{[%clk 0:00:24]} 30. bxc4 {[%clk 0:00:13]} Nxc4 {[%clk 0:00:25]} 31. g4
{[%clk 0:00:13]} Bd7 {[%clk 0:00:22]} 32. Kb3 {[%clk 0:00:11]} Be6
{[%clk 0:00:21]} 33. Nf4 {[%clk 0:00:10]} Bf7 {[%clk 0:00:12]} 34. Ng5
{[%clk 0:00:07]} Bg8 {[%clk 0:00:14]} 35. Nge6 {[%clk 0:00:07]} Nd2+
{[%clk 0:00:12]} 36. Kxa3 {[%clk 0:00:05]} Re8 {[%clk 0:00:11]} 37. Rd1
{[%clk 0:00:05]} Nc4+ {[%clk 0:00:09]} 38. Kb4 {[%clk 0:00:05]} Bxe6
{[%clk 0:00:05]} 39. Nxe6 {[%clk 0:00:06]} Ne3 {[%clk 0:00:06]} 40. Ng7
{[%clk 0:00:05]} Re7 {[%clk 0:00:04]} 41. Rd3 {[%clk 0:00:07]} Nc2+
{[%clk 0:00:04]} 42. Kb3 {[%clk 0:00:08]} Ne1 {[%clk 0:00:04]} 43. Rd1
{[%clk 0:00:09]} Ng2 {[%clk 0:00:03]} 44. Rg1 {[%clk 0:00:08]} Nf4
{[%clk 0:00:04]} 45. Nf5 {[%clk 0:00:04]} gxf5 {[%clk 0:00:05]} 46. gxf5
{[%clk 0:00:06]} Rf7 {[%clk 0:00:05]} 47. Rg5 {[%clk 0:00:07]} h6
{[%clk 0:00:06]} 48. Rg8+ {[%clk 0:00:08]} Kb7 {[%clk 0:00:07]} 49. Rh8
{[%clk 0:00:09]} h5 {[%clk 0:00:06]} 50. Kc4 {[%clk 0:00:10]} Rxf5
{[%clk 0:00:07]} 51. Kd4 {[%clk 0:00:11]} Ng6 {[%clk 0:00:06]} 52. Rh6
{[%clk 0:00:10]} Nxh4 {[%clk 0:00:07]} 53. Ke4 {[%clk 0:00:08]} Rxf3
{[%clk 0:00:08]} 54. Rxh5 {[%clk 0:00:08]} Rxc3 {[%clk 0:00:09]} 55. Kd4
{[%clk 0:00:08]} Ra3 {[%clk 0:00:10]} 56. Kc4 {[%clk 0:00:07]} Nf3
{[%clk 0:00:07]} 0-1

[Event "Blitz 2018"]
[Site "Saint-Petersburg"]
[Date "2018.12.29"]
[Round "5"]
[Board "39"]
[White "Roiz Michael (ISR)"]
[Black "Oganian Miran (RUS)"]
[Result "1/2-1/2"]
[LiveChessVersion "1.4.8"]
[BlackElo "2326"]
[WhiteElo "2617"]

1. Nf3 {[%clk 0:03:02]} Nf6 {[%clk 0:03:03]} 2. c4 {[%clk 0:03:03]} e6
{[%clk 0:03:04]} 3. Nc3 {[%clk 0:03:04]} d5 {[%clk 0:03:05]} 4. e3
{[%clk 0:03:04]} c5 {[%clk 0:03:00]} 5. cxd5 {[%clk 0:03:04]} exd5
{[%clk 0:03:01]} 6. Bb5+ {[%clk 0:03:01]} Nc6 {[%clk 0:02:53]} 7. d4
{[%clk 0:02:56]} Bd6 {[%clk 0:02:50]} 8. dxc5 {[%clk 0:02:55]} Bxc5
{[%clk 0:02:51]} 9. O-O {[%clk 0:02:55]} O-O {[%clk 0:02:51]} 10. b3
{[%clk 0:02:56]} Bg4 {[%clk 0:02:49]} 11. Bb2 {[%clk 0:02:54]} a6
{[%clk 0:02:07]} 12. Bxc6 {[%clk 0:02:55]} bxc6 {[%clk 0:02:08]} 13. Rc1
{[%clk 0:02:54]} Rc8 {[%clk 0:01:58]} 14. h3 {[%clk 0:02:48]} Bh5
{[%clk 0:01:58]} 15. Ne2 {[%clk 0:02:48]} Bd6 {[%clk 0:01:40]} 16. Qd3
{[%clk 0:02:21]} Ne4 {[%clk 0:01:28]} 17. Nfd4 {[%clk 0:01:45]} Qd7
{[%clk 0:01:13]} 18. f3 {[%clk 0:01:24]} Nc5 {[%clk 0:00:49]} 19. Qd2
{[%clk 0:01:18]} Bg6 {[%clk 0:00:46]} 20. Nf4 {[%clk 0:01:13]} Bxf4
{[%clk 0:00:40]} 21. Rxc5 {[%clk 0:01:13]} Bd6 {[%clk 0:00:20]} 22. Rcc1
{[%clk 0:01:13]} Rfe8 {[%clk 0:00:20]} 23. Rfe1 {[%clk 0:01:10]} c5
{[%clk 0:00:11]} 24. Ne2 {[%clk 0:01:11]} Bb8 {[%clk 0:00:10]} 25. Nf4
{[%clk 0:00:43]} Bxf4 {[%clk 0:00:06]} 26. exf4 {[%clk 0:00:44]} d4
{[%clk 0:00:06]} 27. Rxe8+ {[%clk 0:00:35]} Qxe8 {[%clk 0:00:07]} 28. b4
{[%clk 0:00:35]} cxb4 {[%clk 0:00:04]} 29. Rxc8 {[%clk 0:00:35]} Qxc8
{[%clk 0:00:06]} 30. Qxd4 {[%clk 0:00:36]} f6 {[%clk 0:00:06]} 31. Qxb4
{[%clk 0:00:36]} Bf7 {[%clk 0:00:05]} 32. a3 {[%clk 0:00:37]} h6 {[%clk 0:00:04]}
33. Qd2 {[%clk 0:00:38]} Qc4 {[%clk 0:00:03]} 34. Kh2 Qd5 35. Qe3
{[%clk 0:00:38]} Qe6 {[%clk 0:00:04]} 36. Qd4 {[%clk 0:00:37]} Qd5
{[%clk 0:00:05]} 37. Qc3 {[%clk 0:00:35]} Qe6 {[%clk 0:00:06]} 38. Bc1
{[%clk 0:00:35]} Kh7 {[%clk 0:00:07]} 39. Be3 {[%clk 0:00:33]} Qc4
{[%clk 0:00:07]} 40. Qd2 {[%clk 0:00:34]} Bg6 {[%clk 0:00:08]} 41. Bd4
{[%clk 0:00:29]} Qd3 {[%clk 0:00:08]} 42. Qxd3 {[%clk 0:00:25]} Bxd3
{[%clk 0:00:09]} 43. g4 {[%clk 0:00:26]} Kg6 {[%clk 0:00:07]} 44. Kg3
{[%clk 0:00:25]} Bc2 {[%clk 0:00:09]} 45. f5+ {[%clk 0:00:24]} Kf7
{[%clk 0:00:10]} 46. Kf2 {[%clk 0:00:24]} Bd3 {[%clk 0:00:10]} 47. Ke3
{[%clk 0:00:24]} Bc2 {[%clk 0:00:11]} 48. h4 {[%clk 0:00:24]} Bd1
{[%clk 0:00:11]} 49. Kf2 {[%clk 0:00:25]} Bc2 {[%clk 0:00:12]} 50. Kg3
{[%clk 0:00:26]} Bd1 {[%clk 0:00:13]} 51. f4 {[%clk 0:00:21]} Bc2
{[%clk 0:00:14]} 52. Bc3 {[%clk 0:00:22]} h5 {[%clk 0:00:11]} 1/2-1/2

[Event "Blitz 2018"]
[Site "Saint-Petersburg"]
[Date "2018.12.29"]
[Round "5"]
[Board "40"]
[White "Bazeev German (RUS)"]
[Black "Jakovenko Dmitry (RUS)"]
[Result "0-1"]
[LiveChessVersion "1.4.8"]
[BlackElo "2616"]
[WhiteElo "2422"]

1. d4 {[%clk 0:03:03]} Nf6 {[%clk 0:03:03]} 2. Nf3 {[%clk 0:03:04]} e6
{[%clk 0:03:05]} 3. c4 {[%clk 0:03:05]} b6 {[%clk 0:03:06]} 4. Nc3
{[%clk 0:03:06]} Bb4 {[%clk 0:03:06]} 5. Bg5 {[%clk 0:03:04]} Bb7
{[%clk 0:03:03]} 6. Nd2 {[%clk 0:03:06]} h6 {[%clk 0:02:53]} 7. Bh4
{[%clk 0:03:04]} e5 {[%clk 0:02:51]} 8. dxe5 {[%clk 0:02:45]} Bxc3
{[%clk 0:02:51]} 9. bxc3 {[%clk 0:02:46]} g5 {[%clk 0:02:52]} 10. Bg3
{[%clk 0:02:42]} Nh5 {[%clk 0:02:52]} 11. e3 {[%clk 0:02:07]} Nxg3
{[%clk 0:02:52]} 12. hxg3 {[%clk 0:02:09]} Qe7 {[%clk 0:02:52]} 13. f4
{[%clk 0:01:46]} Na6 {[%clk 0:02:31]} 14. Qg4 {[%clk 0:01:34]} O-O-O
{[%clk 0:02:22]} 15. a4 {[%clk 0:01:24]} f6 {[%clk 0:02:19]} 16. a5
{[%clk 0:01:07]} gxf4 {[%clk 0:02:03]} 17. gxf4 {[%clk 0:01:02]} fxe5
{[%clk 0:02:00]} 18. f5 {[%clk 0:01:02]} e4 {[%clk 0:01:56]} 19. axb6
{[%clk 0:01:01]} axb6 {[%clk 0:01:57]} 20. Qf4 {[%clk 0:00:55]} Nc5
{[%clk 0:01:51]} 21. Be2 {[%clk 0:00:45]} Qf6 {[%clk 0:01:48]} 22. Ra3
{[%clk 0:00:41]} Rdg8 {[%clk 0:01:44]} 23. g4 {[%clk 0:00:40]} Nd3+
{[%clk 0:01:33]} 24. Bxd3 {[%clk 0:00:40]} exd3 {[%clk 0:01:34]} 25. e4
{[%clk 0:00:37]} h5 {[%clk 0:01:18]} 26. gxh5 {[%clk 0:00:28]} Rg2
{[%clk 0:01:16]} 27. Kd1 {[%clk 0:00:29]} Rhg8 28. Kc1 R8g4 {[%clk 0:00:46]} 29.
Qe3 {[%clk 0:00:30]} Rh4 {[%clk 0:00:47]} 30. Rxh4 {[%clk 0:00:28]} Qxh4
{[%clk 0:00:48]} 31. Qxd3 {[%clk 0:00:29]} Qxh5 {[%clk 0:00:46]} 32. Kc2
{[%clk 0:00:23]} Qg5 {[%clk 0:00:46]} 33. Ra2 {[%clk 0:00:14]} Bxe4
{[%clk 0:00:43]} 0-1

[Event "Blitz 2018"]
[Site "Saint-Petersburg"]
[Date "2018.12.29"]
[Round "5"]
[Board "41"]
[White "Fridman Daniel (GER)"]
[Black "Yu Yangyi (CHN)"]
[Result "1/2-1/2"]
[LiveChessVersion "1.4.8"]
[BlackElo "2804"]
[WhiteElo "2530"]

1. d4 {[%clk 0:03:03]} Nf6 {[%clk 0:03:04]} 2. Nf3 {[%clk 0:03:03]} d5
{[%clk 0:03:04]} 3. c4 {[%clk 0:03:04]} e6 {[%clk 0:03:05]} 4. g3
{[%clk 0:03:04]} Bb4+ {[%clk 0:03:05]} 5. Nc3 {[%clk 0:03:05]} O-O
{[%clk 0:02:58]} 6. Bg2 {[%clk 0:03:06]} Nbd7 {[%clk 0:02:53]} 7. Qb3
{[%clk 0:03:04]} c5 {[%clk 0:02:46]} 8. O-O {[%clk 0:02:58]} cxd4
{[%clk 0:02:07]} 9. Qxb4 {[%clk 0:02:18]} a5 {[%clk 0:02:00]} 10. Qa3
{[%clk 0:02:14]} dxc3 {[%clk 0:02:01]} 11. Qxc3 {[%clk 0:02:12]} b6
{[%clk 0:02:00]} 12. cxd5 {[%clk 0:01:32]} Nxd5 {[%clk 0:02:01]} 13. Qd2
{[%clk 0:01:33]} Nc5 {[%clk 0:01:56]} 14. b3 {[%clk 0:01:33]} Ba6
{[%clk 0:01:44]} 15. Bb2 {[%clk 0:01:34]} Rc8 {[%clk 0:01:37]} 16. Rfd1
{[%clk 0:01:30]} Qe7 {[%clk 0:01:35]} 17. Rac1 {[%clk 0:01:15]} Rfd8
{[%clk 0:01:34]} 18. Qe1 {[%clk 0:00:51]} Nb4 {[%clk 0:01:29]} 19. a3
{[%clk 0:00:51]} Rxd1 {[%clk 0:01:21]} 20. Rxd1 {[%clk 0:00:49]} Nd5
{[%clk 0:01:18]} 21. Nd4 {[%clk 0:00:39]} Bb7 {[%clk 0:01:14]} 22. e4
{[%clk 0:00:23]} Nf6 {[%clk 0:01:07]} 23. f3 {[%clk 0:00:24]} Rd8
{[%clk 0:01:01]} 24. g4 {[%clk 0:00:15]} h6 {[%clk 0:00:47]} 25. h4
{[%clk 0:00:15]} Nh7 {[%clk 0:00:47]} 26. Rd2 {[%clk 0:00:14]} Nf8
{[%clk 0:00:45]} 27. Bc3 {[%clk 0:00:15]} Ng6 {[%clk 0:00:44]} 28. h5
{[%clk 0:00:11]} Nf4 {[%clk 0:00:45]} 29. Qd1 {[%clk 0:00:12]} Qh4
{[%clk 0:00:34]} 30. b4 {[%clk 0:00:13]} axb4 {[%clk 0:00:33]} 31. axb4
{[%clk 0:00:14]} Nxg2 {[%clk 0:00:32]} 32. Rxg2 {[%clk 0:00:08]} Nxe4
{[%clk 0:00:28]} 33. fxe4 {[%clk 0:00:09]} e5 {[%clk 0:00:27]} 34. Rd2
{[%clk 0:00:05]} Qg3+ {[%clk 0:00:24]} 35. Kf1 {[%clk 0:00:03]} Qxc3
{[%clk 0:00:19]} 36. Nf3 {[%clk 0:00:04]} Rxd2 {[%clk 0:00:19]} 37. Nxd2
{[%clk 0:00:05]} Qd3+ {[%clk 0:00:18]} 38. Kf2 {[%clk 0:00:03]} Bxe4
{[%clk 0:00:19]} 39. Qe1 {[%clk 0:00:04]} Bd5 {[%clk 0:00:14]} 40. Qc1
{[%clk 0:00:04]} Qd4+ {[%clk 0:00:15]} 41. Ke2 {[%clk 0:00:05]} Qxg4+
{[%clk 0:00:16]} 42. Ke3 {[%clk 0:00:06]} Qf4+ {[%clk 0:00:15]} 43. Ke2
{[%clk 0:00:07]} Qg4+ {[%clk 0:00:15]} 44. Ke3 {[%clk 0:00:08]} Qd4+
{[%clk 0:00:14]} 45. Ke2 {[%clk 0:00:10]} e4 {[%clk 0:00:13]} 46. Qc8+
{[%clk 0:00:10]} Kh7 {[%clk 0:00:13]} 47. Qf5+ {[%clk 0:00:11]} Kg8
{[%clk 0:00:12]} 48. Qc8+ {[%clk 0:00:13]} Kh7 {[%clk 0:00:14]} 49. Qf5+
{[%clk 0:00:14]} g6 {[%clk 0:00:14]} 50. hxg6+ {[%clk 0:00:15]} Kg7
{[%clk 0:00:13]} 51. gxf7 {[%clk 0:00:16]} Qd3+ {[%clk 0:00:11]} 52. Ke1
{[%clk 0:00:17]} Bxf7 {[%clk 0:00:09]} 53. Qe5+ {[%clk 0:00:18]} Kh7
{[%clk 0:00:07]} 54. Nxe4 {[%clk 0:00:18]} Qe3+ {[%clk 0:00:08]} 55. Kf1
{[%clk 0:00:20]} Qf3+ {[%clk 0:00:06]} 56. Ke1 {[%clk 0:00:21]} Qe3+
{[%clk 0:00:06]} 57. Kf1 {[%clk 0:00:23]} Qf3+ {[%clk 0:00:06]} 58. Ke1
{[%clk 0:00:24]} Qe3+ {[%clk 0:00:05]} 59. Kf1 {[%clk 0:00:26]} Qd3+
{[%clk 0:00:05]} 60. Ke1 {[%clk 0:00:27]} Qb1+ {[%clk 0:00:05]} 61. Kf2
{[%clk 0:00:27]} Qxb4 {[%clk 0:00:06]} 62. Qf5+ {[%clk 0:00:25]} Kg7
{[%clk 0:00:06]} 63. Qf6+ {[%clk 0:00:18]} Kg8 {[%clk 0:00:06]} 64. Qf4
{[%clk 0:00:12]} Qf8 {[%clk 0:00:06]} 65. Nf6+ {[%clk 0:00:12]} Kh8
{[%clk 0:00:06]} 66. Qe5 {[%clk 0:00:12]} Bg6 {[%clk 0:00:07]} 67. Ke3
{[%clk 0:00:12]} Qc5+ {[%clk 0:00:06]} 68. Qxc5 {[%clk 0:00:13]} bxc5
{[%clk 0:00:07]} 69. Nd7 {[%clk 0:00:11]} c4 {[%clk 0:00:08]} 70. Ne5
{[%clk 0:00:12]} Bf5 {[%clk 0:00:04]} 71. Nxc4 {[%clk 0:00:13]} Kg7
{[%clk 0:00:06]} 72. Kf4 {[%clk 0:00:15]} Be6 {[%clk 0:00:07]} 73. Ne3
{[%clk 0:00:16]} Kf6 {[%clk 0:00:08]} 74. Kg3 {[%clk 0:00:17]} Kg5
{[%clk 0:00:09]} 75. Ng2 {[%clk 0:00:18]} Bd5 {[%clk 0:00:09]} 76. Nf4
{[%clk 0:00:19]} Bc4 {[%clk 0:00:10]} 77. Nh3+ {[%clk 0:00:20]} Kf5
{[%clk 0:00:10]} 78. Nf4 {[%clk 0:00:21]} Ke5 1/2-1/2

[Event "Blitz 2018"]
[Site "Saint-Petersburg"]
[Date "2018.12.29"]
[Round "5"]
[Board "42"]
[White "Sjugirov Sanan (RUS)"]
[Black "Tukhaev Adam (UKR)"]
[Result "1-0"]
[LiveChessVersion "1.4.8"]
[BlackElo "2529"]
[WhiteElo "2748"]

1. e4 {[%clk 0:03:03]} d6 {[%clk 0:03:01]} 2. d4 {[%clk 0:03:04]} Nf6
{[%clk 0:03:02]} 3. Nc3 {[%clk 0:03:05]} g6 {[%clk 0:03:03]} 4. Be3
{[%clk 0:03:06]} a6 {[%clk 0:03:03]} 5. f3 {[%clk 0:03:05]} b5 {[%clk 0:03:02]}
6. Qd2 {[%clk 0:03:05]} Bb7 {[%clk 0:03:01]} 7. h4 {[%clk 0:03:05]} h5
{[%clk 0:02:58]} 8. Nh3 {[%clk 0:03:04]} Nbd7 {[%clk 0:02:59]} 9. Ng5
{[%clk 0:02:58]} Bg7 {[%clk 0:02:55]} 10. O-O-O {[%clk 0:02:56]} b4
{[%clk 0:02:42]} 11. Ne2 {[%clk 0:02:54]} e5 {[%clk 0:02:28]} 12. dxe5
{[%clk 0:02:43]} Nxe5 {[%clk 0:02:28]} 13. Qxb4 {[%clk 0:02:38]} Rb8
{[%clk 0:02:28]} 14. Nf4 {[%clk 0:02:23]} Bxe4 {[%clk 0:02:10]} 15. Qc3
{[%clk 0:02:08]} Bf5 {[%clk 0:01:56]} 16. Bd4 {[%clk 0:01:44]} Nfd7
{[%clk 0:01:57]} 17. Qa3 {[%clk 0:01:01]} O-O {[%clk 0:01:55]} 18. Be2
{[%clk 0:01:00]} Nb6 {[%clk 0:01:08]} 19. b3 {[%clk 0:00:58]} a5 {[%clk 0:01:06]}
20. g4 {[%clk 0:00:56]} hxg4 {[%clk 0:01:06]} 21. fxg4 {[%clk 0:00:58]} Bd7
{[%clk 0:00:50]} 22. Nf3 {[%clk 0:00:22]} Nxf3 {[%clk 0:00:41]} 23. Bxg7
{[%clk 0:00:23]} Kxg7 {[%clk 0:00:42]} 24. Bxf3 {[%clk 0:00:24]} Qf6
{[%clk 0:00:43]} 25. Qb2 {[%clk 0:00:21]} Qxb2+ 26. Kxb2 {[%clk 0:00:23]} Nc4+
{[%clk 0:00:46]} 27. Kc3 {[%clk 0:00:21]} Ne5 {[%clk 0:00:45]} 28. Be2
{[%clk 0:00:21]} Bxg4 {[%clk 0:00:39]} 29. Bxg4 {[%clk 0:00:22]} Nxg4
{[%clk 0:00:40]} 30. Rhg1 {[%clk 0:00:20]} Ne5 {[%clk 0:00:21]} 31. h5
{[%clk 0:00:20]} Rb4 {[%clk 0:00:20]} 32. Nd5 {[%clk 0:00:19]} Rh4
{[%clk 0:00:21]} 33. hxg6 {[%clk 0:00:19]} fxg6 {[%clk 0:00:22]} 34. Kb2
{[%clk 0:00:18]} Rf7 {[%clk 0:00:21]} 35. a4 {[%clk 0:00:12]} Rh2
{[%clk 0:00:22]} 36. Rg3 {[%clk 0:00:10]} Rff2 {[%clk 0:00:21]} 37. Rc3
{[%clk 0:00:09]} c6 {[%clk 0:00:20]} 38. Ne7 {[%clk 0:00:09]} g5 {[%clk 0:00:05]}
39. Rxd6 {[%clk 0:00:09]} g4 {[%clk 0:00:05]} 40. Nxc6 {[%clk 0:00:07]} Nf7
{[%clk 0:00:04]} 41. Rd4 {[%clk 0:00:08]} Rhg2 {[%clk 0:00:04]} 42. Nxa5
{[%clk 0:00:07]} Nh6 {[%clk 0:00:00]} 1-0

[Event "Blitz 2018"]
[Site "Saint-Petersburg"]
[Date "2018.12.29"]
[Round "5"]
[Board "43"]
[White "Harikrishna Pentala (IND)"]
[Black "Miton Kamil (POL)"]
[Result "1-0"]
[LiveChessVersion "1.4.8"]
[BlackElo "2520"]
[WhiteElo "2702"]

1. e4 {[%clk 0:03:03]} c5 {[%clk 0:03:03]} 2. Nf3 {[%clk 0:03:03]} d6
{[%clk 0:03:04]} 3. d4 {[%clk 0:03:04]} cxd4 {[%clk 0:03:04]} 4. Qxd4
{[%clk 0:03:05]} Nc6 {[%clk 0:03:00]} 5. Qe3 {[%clk 0:03:06]} e6 {[%clk 0:02:53]}
6. Be2 {[%clk 0:02:58]} Nf6 {[%clk 0:02:53]} 7. O-O {[%clk 0:02:58]} Be7
{[%clk 0:02:54]} 8. c4 {[%clk 0:02:56]} O-O {[%clk 0:02:52]} 9. Nc3
{[%clk 0:02:57]} b6 {[%clk 0:02:47]} 10. Rd1 {[%clk 0:02:56]} Bb7
{[%clk 0:02:46]} 11. h3 {[%clk 0:02:51]} Qc7 {[%clk 0:02:40]} 12. b3
{[%clk 0:02:50]} a6 {[%clk 0:02:36]} 13. Bb2 {[%clk 0:02:47]} Nd7
{[%clk 0:02:28]} 14. Rac1 {[%clk 0:02:38]} Nc5 {[%clk 0:02:24]} 15. Nd5
{[%clk 0:02:10]} exd5 {[%clk 0:01:59]} 16. cxd5 {[%clk 0:02:11]} Nb8
{[%clk 0:01:37]} 17. b4 {[%clk 0:02:11]} Nbd7 {[%clk 0:01:37]} 18. bxc5
{[%clk 0:02:02]} bxc5 {[%clk 0:01:38]} 19. e5 {[%clk 0:01:50]} Nxe5
{[%clk 0:01:15]} 20. Nxe5 {[%clk 0:01:39]} dxe5 {[%clk 0:01:15]} 21. Bxe5
{[%clk 0:01:39]} Bd6 {[%clk 0:01:14]} 22. Bxd6 {[%clk 0:01:15]} Qxd6
{[%clk 0:01:12]} 23. Qxc5 {[%clk 0:01:16]} Rad8 {[%clk 0:01:00]} 24. Bf3
{[%clk 0:01:08]} Qf6 {[%clk 0:00:53]} 25. Rb1 {[%clk 0:01:04]} Ba8
{[%clk 0:00:46]} 26. Rb6 {[%clk 0:01:04]} Qf4 {[%clk 0:00:30]} 27. Rxa6
{[%clk 0:01:04]} Rc8 {[%clk 0:00:30]} 28. Qe3 {[%clk 0:00:56]} Qb4
{[%clk 0:00:29]} 29. d6 {[%clk 0:00:52]} Bxf3 {[%clk 0:00:26]} 30. Qxf3
{[%clk 0:00:53]} Qc4 {[%clk 0:00:26]} 31. Ra7 {[%clk 0:00:50]} Rfd8
{[%clk 0:00:19]} 32. Re7 {[%clk 0:00:39]} h6 {[%clk 0:00:15]} 33. d7
{[%clk 0:00:33]} Rb8 {[%clk 0:00:16]} 34. Rde1 {[%clk 0:00:34]} Qc2
{[%clk 0:00:08]} 35. Qxf7+ {[%clk 0:00:31]} Rbc8 1-0

[Event "Blitz 2018"]
[Site "Saint-Petersburg"]
[Date "2018.12.29"]
[Round "5"]
[Board "44"]
[White "Belozerov Andrei (RUS)"]
[Black "Esipenko Andrey (RUS)"]
[Result "0-1"]
[LiveChessVersion "1.4.8"]
[BlackElo "2673"]
[WhiteElo "2518"]

1. e4 e5 2. Nf3 {[%clk 0:03:03]} Nc6 {[%clk 0:03:05]} 3. Nc3 {[%clk 0:03:03]} Nf6
{[%clk 0:03:06]} 4. Bc4 {[%clk 0:03:04]} Bc5 {[%clk 0:03:06]} 5. d3
{[%clk 0:03:05]} d6 {[%clk 0:03:08]} 6. Bg5 {[%clk 0:03:05]} h6 {[%clk 0:03:05]}
7. Bxf6 {[%clk 0:03:06]} Qxf6 {[%clk 0:03:06]} 8. Nd5 {[%clk 0:03:07]} Qd8
{[%clk 0:03:06]} 9. c3 {[%clk 0:03:08]} a6 {[%clk 0:03:05]} 10. d4
{[%clk 0:03:08]} exd4 {[%clk 0:03:03]} 11. cxd4 {[%clk 0:03:09]} Ba7
{[%clk 0:03:04]} 12. h3 {[%clk 0:03:09]} O-O {[%clk 0:03:04]} 13. O-O
{[%clk 0:03:08]} Ne7 {[%clk 0:03:04]} 14. Ne3 {[%clk 0:02:52]} c6
{[%clk 0:03:02]} 15. Bb3 {[%clk 0:02:51]} Kh8 {[%clk 0:03:01]} 16. Re1
{[%clk 0:02:12]} Ng6 {[%clk 0:02:58]} 17. Qd2 {[%clk 0:01:49]} Bb6
{[%clk 0:02:53]} 18. Bc2 {[%clk 0:01:41]} Qf6 {[%clk 0:02:42]} 19. Ng4
{[%clk 0:01:29]} Qf4 {[%clk 0:02:43]} 20. Qxf4 {[%clk 0:01:20]} Nxf4
{[%clk 0:02:44]} 21. Rad1 {[%clk 0:01:17]} Be6 {[%clk 0:02:37]} 22. Bb3
{[%clk 0:01:12]} Bxb3 {[%clk 0:02:37]} 23. axb3 {[%clk 0:01:13]} Rae8
{[%clk 0:02:38]} 24. h4 {[%clk 0:00:51]} h5 {[%clk 0:02:09]} 25. Ngh2
{[%clk 0:00:52]} f6 {[%clk 0:02:11]} 26. g3 {[%clk 0:00:50]} Ng6 {[%clk 0:02:11]}
27. Kg2 {[%clk 0:00:41]} Re7 {[%clk 0:02:11]} 28. Re3 {[%clk 0:00:38]} Rfe8
{[%clk 0:02:06]} 29. Rde1 {[%clk 0:00:35]} Ba5 {[%clk 0:02:07]} 30. R1e2
{[%clk 0:00:36]} Kg8 {[%clk 0:02:08]} 31. Nf1 {[%clk 0:00:35]} Nf8
{[%clk 0:02:04]} 32. N1d2 {[%clk 0:00:35]} Bb4 {[%clk 0:01:51]} 33. Nc4
{[%clk 0:00:25]} Nd7 {[%clk 0:01:45]} 34. Ncd2 {[%clk 0:00:08]} Kf7
{[%clk 0:01:45]} 35. Kf1 {[%clk 0:00:10]} b5 {[%clk 0:01:45]} 36. Nb1
{[%clk 0:00:10]} Nb6 {[%clk 0:01:29]} 37. Nc3 {[%clk 0:00:11]} Nd7
{[%clk 0:01:17]} 38. Kg2 {[%clk 0:00:08]} Ba5 {[%clk 0:01:16]} 39. Kf1
{[%clk 0:00:08]} Bb6 {[%clk 0:01:17]} 40. Kg2 {[%clk 0:00:08]} Nf8
{[%clk 0:01:17]} 41. Kf1 {[%clk 0:00:04]} Ne6 {[%clk 0:01:03]} 42. d5
{[%clk 0:00:04]} Nc7 {[%clk 0:00:35]} 43. dxc6 {[%clk 0:00:03]} Bxe3
{[%clk 0:00:35]} 44. Rxe3 {[%clk 0:00:04]} f5 {[%clk 0:00:31]} 45. Ng5+
{[%clk 0:00:04]} Kf6 {[%clk 0:00:22]} 46. f3 {[%clk 0:00:05]} b4 {[%clk 0:00:21]}
47. Na4 {[%clk 0:00:04]} Nb5 {[%clk 0:00:13]} 48. Nb6 {[%clk 0:00:03]} Nc7
{[%clk 0:00:08]} 49. Rd3 {[%clk 0:00:03]} Rd8 {[%clk 0:00:06]} 50. exf5
{[%clk 0:00:00]} d5 {[%clk 0:00:06]} 51. g4 {[%clk 0:00:00]} hxg4
{[%clk 0:00:06]} 52. fxg4 {[%clk 0:00:00]} 0-1